000 00657nam a2200229 a 4500
001 BRCA_8199
005 20190320210155.0
008 130514s1955----enka###f##---#000-0#eng-#
041 _aeng
044 _aenk
050 4 _aNK7250
_b.S54
_c1955
245 1 0 _aSheffield plate
_cVictoria and Albet Museum.
260 _aLondres
_bH. M. Stationery Office
_c1955
300 _a1 v.
_bil.
_c18 cm.
440 0 _aIts small picture book
_v39
_920431
500 _aU62
650 1 4 _aVajillas reales
_zInglaterra
_920432
650 1 4 _aLoza de cerĂ¡mica
_zInglaterra
_920433
710 2 _aVictoria and Albet Museum (Londres)
_920434
902 _aGFM
942 _2lcc
_cB
999 _c7867
_d7867